[Event "20th Prague Open 2022"]
[Site "Prague"]
[Date "2022.01.09"]
[Round "4.17"]
[White "Pham, Khoi"]
[Black "Acor, Corey"]
[Result "0-1"]
[WhiteElo "2114"]
[BlackElo "2303"]
[Annotator "TA"]
[PlyCount "68"]
[EventDate "2022.01.07"]
[EventType "swiss"]
[EventCountry "CZE"]
[SourceTitle "playchess.com"]
[Source "ChessBase"]
[SourceQuality "1"]

{[%evp 9,68,25,75,75,73,71,95,81,84,82,109,79,75,47,53,48,71,54,94,83,83,54,54,49,48,44,58,57,77,77,76,59,83,83,85,81,82,-20,-20,-36,-56,-104,0,0,0,-97,0,-131,-131,-130,-130,-126,-128,-563,-562,-688,-693,-681,-672,-613,-489]} 1. e4 e5 2. Nf3 Nc6 3. Bb5 d6 4. d4 {[%cal Bd2d4,Bd4d5][%mdl 32]} Bd7 5. Nc3 Nge7 (5... exd4 $11 {keeps the balance.} 6. Nxd4 Be7) 6. d5 $16 {C62: Ruy Lopez: Steinitz Defence.} Nb8 7. Be2 g6 8. Be3 {White is better.} Bg7 9. Qd2 {[#]} h6 $146 ({Predecessor:} 9... f5 10. g3 O-O 11. h4 f4 12. gxf4 exf4 13. Bxf4 Bg4 14. Ng5 Bd7 15. h5 Bf6 16. Nxh7 Kxh7 17. hxg6+ Kxg6 {1-0 (24) Satosuo,R (2002)-Azzi,R (1510) ICCF email 2019}) 10. h4 {[%cal Bh2h4,Bh4h5][%mdl 32]} f5 11. g3 {Inhibits f4.} fxe4 12. Nxe4 Nf5 13. O-O-O a5 14. h5 g5 15. Nh2 O-O 16. Ng4 {[%cal Re3g5]} Nxe3 17. Nxe3 Na6 18. c3 b6 19. Bd3 Qe8 20. Bb1 Rf3 21. Qc2 Qf7 22. Nd2 {Pair of Knights!} Rf6 (22... Rxf2 $2 23. Rdf1 Rf4 24. gxf4 $18) 23. g4 (23. Rdf1 $16) 23... Rxf2 $11 24. Rdf1 Rf4 $1 {Active counter play!} 25. Ng2 (25. Qh7+ $15 {might be stronger.} Kf8 26. Bf5) 25... Bxg4 ({Black should play} 25... Nc5 $17 26. Nxf4 exf4) 26. Nxf4 exf4 27. Qh7+ Kf8 28. Re1 (28. Rhg1 $1 $11 Bh3 29. Re1) 28... Nc5 $17 (28... Bxh5 $2 29. Rxh5 Nc5 30. Bg6 $18) 29. Bg6 Qxd5 {...Be6 is the strong threat. Chess con chili.} 30. Rhg1 {[%cal Oe1e7] Threatens to win with Re7!} Be6 {And now ...Bg8 would win.} (30... Qxa2 $2 {[#]} 31. Re7 $3 {[%mdl 512]} (31. Rxg4 Na4 $11) (31. Bb1 Qg8 $16) 31... Qg8 32. Rf7+ Qxf7 33. Bxf7 Kxf7 34. Rxg4 $18) 31. Re2 $2 {[%mdl 8192] White does not recover from this.} (31. Be4 $17 {was the crucial defense.} Nxe4 32. Rxe4) 31... Bg8 $19 {Black is clearly winning.} ({Not} 31... Qxa2 32. Rge1 Rd8 33. Rxe6 Nxe6 34. Bb1 $11) 32. Rge1 {[#] Intending Re8+ and mate.} Nd3+ $1 {[%mdl 512]} 33. Bxd3 {aiming for Qg6.} Bxh7 34. Bxh7 Rd8 {Weighted Error Value: White=0.43/Black=0.09 (flawless)} 0-1

[Event "20th Prague Open 2022"]
[Site "Prague"]
[Date "2022.01.09"]
[Round "4.18"]
[White "Unneland, Mathias"]
[Black "Kukucka, Matej"]
[Result "1/2-1/2"]
[WhiteElo "2262"]
[BlackElo "2104"]
[Annotator "TA"]
[PlyCount "104"]
[EventDate "2022.01.07"]
[EventType "swiss"]
[EventCountry "CZE"]
[SourceTitle "playchess.com"]
[Source "ChessBase"]
[SourceQuality "1"]

{[%evp 9,104,23,31,20,29,29,31,30,37,9,18,0,0,7,0,0,0,0,0,0,10,0,8,18,9,-16,-15,-8,-14,-17,0,-15,0,0,0,0,0,-25,0,0,0,0,0,-5,-5,-13,-19,-8,-16,-58,-10,-35,-7,-22,0,0,0,0,0,0,0,0,0,0,0,0,0,0,0,0,0,0,0,0,0,0,0,0,1,0,1,0,0,0,0,0,0,0,0,0,0,0,8,8,8,0,0]} 1. c4 e6 2. d4 d5 3. Nf3 a6 4. cxd5 exd5 5. Nc3 c6 6. Qc2 {D31: Queen's Gambit Declined: Semi-Slav without ...Nf6 (+ Marshall Gambit and Noteboom) and Exchange Variation lines without ...Nf6.} Nf6 7. Bg5 Be6 8. e3 {White is slightly better.} h6 9. Bh4 Nbd7 10. Bd3 Bd6 11. O-O O-O 12. Bg3 Bxg3 13. hxg3 Re8 {[#]} 14. Rfc1 $146 ({Predecessor:} 14. Qd2 Qb8 15. Rac1 Qd6 16. a3 a5 17. Qc2 b5 18. a4 b4 19. Ne2 Rac8 20. Nf4 {½-½ (40) Lundin,J (2114)-Raja,R (2408) Belgrade 2021}) 14... Rc8 15. Rab1 c5 16. dxc5 Nxc5 17. Bf5 Nce4 18. Bxe6 fxe6 19. Qb3 Qe7 20. Rc2 Nxc3 21. Rxc3 Ne4 22. Rc2 Rc7 23. Nd2 Rxc2 (23... Nxd2 {keeps more tension.} 24. Rxd2 Rc4 25. Qd3 Rec8 26. Re1 Qg5) 24. Qxc2 Nxd2 25. Qxd2 $11 {[%mdl 4096] Endgame KQR-KQR} Rc8 26. e4 Qc5 27. Rd1 dxe4 28. Qd7 {[%csl LRb7,LRe6]} Qc6 29. Qd4 (29. Qe7 $11) 29... Qc2 (29... Qd5 $15 30. Qa4 Qf5) 30. Re1 Qd3 (30... Rf8 $5 {[%cal Re6e5]}) 31. Qb4 {The position is equal.} e3 (31... Rc2 {is interesting.} 32. Qxb7 e3 33. fxe3 Kh7 34. a3 a5) 32. Rxe3 Rc1+ 33. Re1 Rxe1+ 34. Qxe1 {KQ-KQ} Qd5 35. a3 Kf7 36. Qe2 Ke7 37. Qg4 Kf6 38. Qe2 Qb3 39. Qd2 Qb5 40. Qd4+ Kf7 41. g4 Qc6 42. Kh2 Qb5 43. Kg3 e5 44. Qc3 Qd5 45. Kh2 e4 46. a4 Qd6+ 47. g3 Qd5 {Prevents Qb3.} 48. Qc2 g5 49. Qc7+ Kg6 50. Qe7 Qd4 51. Qe6+ Kg7 52. Qe7+ Kg6 {Weighted Error Value: White=0.06 (flawless) /Black=0.05 (flawless)} 1/2-1/2

[Event "20th Prague Open 2022"]
[Site "Prague"]
[Date "2022.01.09"]
[Round "4.19"]
[White "Lorans, Sylvain"]
[Black "Macicek, Jakub"]
[Result "1-0"]
[WhiteElo "2110"]
[BlackElo "2250"]
[Annotator "RC"]
[PlyCount "67"]
[EventDate "2022.01.07"]
[EventType "swiss"]
[EventCountry "CZE"]
[SourceTitle "playchess.com"]
[Source "ChessBase"]
[SourceQuality "1"]
[TimeControl "40/5400+30:1800+30"]

1. d4 {[%emt 0:00:03]} Nf6 {[%emt 0:00:18]} 2. c4 {[%emt 0:00:05]} e6 {[%emt 0:00:15]} 3. Nc3 {[%emt 0:00:07]} Bb4 {[%emt 0:00:29]} 4. f3 {[%emt 0:00:08]} c5 {[%emt 0:04:41]} 5. d5 {[%emt 0:00:06]} b5 {[%emt 0:02:05]} 6. e4 {[%emt 0:00:09]} d6 {[%emt 0:00:54]} 7. Bd2 {[%emt 0:02:30]} a6 {[%emt 0:09:29]} 8. a4 {[%emt 0:01:41]} bxa4 {[%emt 0:18:15]} 9. Qxa4+ {[%emt 0:02:01]} Bd7 {[%emt 0:02:14]} 10. Qc2 {[%emt 0:01:01]} e5 {[%emt 0:00:17]} 11. Bd3 {[%emt 0:03:31]} Ng8 {[%emt 0:11:19]} 12. Nge2 {[%emt 0:07:39]} Ne7 {[%emt 0:00:08]} 13. O-O {[%emt 0:01:09]} Ng6 {[%emt 0:00:12]} 14. f4 {[%emt 0:10:36]} exf4 {[%emt 0:00:08]} 15. Nxf4 {[%emt 0:00:04]} Ne5 {[%emt 0:02:14]} 16. Be2 {[%emt 0:09:35]} Bc8 {[%emt 0:09:43]} 17. Qc1 {[%emt 0:03:15]} O-O {[%emt 0:11:07]} 18. Nh5 {[%emt 0:02:08]} f6 {[%emt 0:02:21]} 19. Qe1 {[%emt 0:04:11]} Ra7 {[%emt 0:02:24]} 20. Qg3 {[%emt 0:03:56]} Kh8 21. Bf4 {[%emt 0:06:26]} g6 {[%emt 0:11:23]} 22. Nb5 {[%emt 0:03:17]} Raf7 {[%emt 0:03:00]} 23. Nxd6 {[%emt 0:01:40]} Qxd6 {[%emt 0:00:49]} 24. Nxf6 {[%emt 0:00:06]} Nbc6 {[%emt 0:05:11]} 25. dxc6 {[%emt 0:01:51]} Qd4+ {[%emt 0:00:08]} 26. Kh1 {[%emt 0:05:04]} Nxc6 {[%emt 0:00:07]} 27. Bh6 {[%emt 0:06:01]} Rd8 {[%emt 0:00:25]} 28. Rad1 {[%emt 0:02:46]} Qxb2 {[%emt 0:00:34]} 29. Rxd8+ {[%emt 0:00:11]} Nxd8 {[%emt 0:00:06]} 30. Qd6 {[%emt 0:02:34]} Ba5 {[%emt 0:03:47]} 31. Ne8 {[%emt 0:02:44]} Rxf1+ {[%emt 0:00:46]} 32. Bxf1 {[%emt 0:00:03]} Ne6 {[%emt 0:00:45]} 33. Bg7+ {[%emt 0:00:23]} Nxg7 {[%emt 0:00:11]} 34. Qf8# {[%emt 0:00:06]} 1-0

[Event "20th Prague Open 2022"]
[Site "Prague"]
[Date "2022.01.09"]
[Round "4.20"]
[White "Vales, Vaclav"]
[Black "Torngren, Gustav"]
[Result "0-1"]
[WhiteElo "2106"]
[BlackElo "2228"]
[Annotator "TA"]
[PlyCount "80"]
[EventDate "2022.01.07"]
[EventType "swiss"]
[EventCountry "CZE"]
[SourceTitle "playchess.com"]
[Source "ChessBase"]
[SourceQuality "1"]

{[%evp 12,80,1,-6,-3,-31,-13,-52,-47,-48,-51,-60,-48,-47,-25,-37,0,-89,-25,-20,-20,-31,-16,-41,-32,-41,-31,-31,-23,-30,-26,-54,-28,-14,0,0,6,9,77,4,11,0,0,0,0,-8,17,5,0,-77,-77,-75,-75,-421,-400,-413,-414,-418,-423,-420,-411,-433,-430,-508,-492,-522,-520,-522,-519,-566,-535]} 1. Nf3 e6 2. g3 d5 3. Bg2 Be7 4. d3 b6 5. c4 Bb7 6. Nbd2 Nf6 7. O-O O-O {A05: Réti Opening: 1 Nf3 Nf6.} 8. h3 {[#]} d4 $146 ({Predecessor:} 8... c5 9. b3 Nc6 10. a3 Qc7 11. Nb1 h6 12. Nc3 d4 13. Nb5 Qd7 14. a4 a6 {0-1 (26) Solomin,D-Kapkan,E (1939) Vladivostok 2008}) 9. Ne5 Bxg2 {Black is slightly better.} 10. Kxg2 Nfd7 11. Ndf3 Nxe5 12. Nxe5 Bf6 13. Ng4 Be7 (13... c5 {is more complex.} 14. e4 dxe3 15. Qf3 e2 16. Re1 Na6) 14. Qa4 (14. Ne5 $11) 14... Qd7 ({Black should try} 14... c5 $17) 15. Qxd7 $11 Nxd7 16. Bd2 a5 17. b3 Ba3 18. Nh2 e5 19. Nf3 Bb4 20. Rfd1 Rfe8 21. e4 dxe3 22. Bxe3 a4 23. d4 e4 24. Ng1 Ra6 {[#]} (24... axb3 $11 25. axb3 f5) 25. Ne2 (25. a3 $1 $16 {[%cal Ra3b4]} Bc3 26. Rab1 axb3 27. Rxb3) 25... Rea8 26. Rab1 {[%cal Oa2a3]} axb3 27. axb3 Ra2 $36 {[%mdl 2048] Black is pushing.} 28. Kf1 h6 29. g4 Nf6 {[%cal Bd7f6,Bf6h5,Bh5f4,Bf4h3][%mdl 32]} 30. g5 (30. Ng3 $11) 30... hxg5 $17 {Black is more active.} 31. Bxg5 Nh5 32. Bf4 $2 {[%mdl 8192] [#] White does not recover from this.} (32. d5 $17) 32... Rxe2 $1 $19 {[%mdl 512]} 33. Kxe2 Nxf4+ 34. Ke3 Nxh3 35. Ra1 Rd8 36. Ra7 Bd6 {Black is clearly winning.} 37. Rda1 Ng5 38. Ra8 Rxa8 39. Rxa8+ Kh7 40. Rc8 f5 {Weighted Error Value: White=0.46/Black=0.15 (very precise)} 0-1

[Event "20th Prague Open 2022"]
[Site "Prague"]
[Date "2022.01.09"]
[Round "4.21"]
[White "Thompson, Ian D"]
[Black "Bochnicka, Vladimir"]
[Result "0-1"]
[WhiteElo "2095"]
[BlackElo "2222"]
[Annotator "RC"]
[PlyCount "74"]
[EventDate "2022.01.07"]
[EventType "swiss"]
[EventCountry "CZE"]
[SourceTitle "playchess.com"]
[Source "ChessBase"]
[SourceQuality "1"]
[TimeControl "40/5400+30:1800+30"]

1. Nf3 {[%emt 0:00:04]} f5 {[%emt 0:00:08]} 2. d4 {[%emt 0:02:09]} Nf6 {[%emt 0:00:08]} 3. Bg5 {[%emt 0:04:37]} e6 {[%emt 0:00:26]} 4. Nbd2 {[%emt 0:00:40]} Be7 {[%emt 0:00:24]} 5. Bxf6 {[%emt 0:06:32]} Bxf6 {[%emt 0:00:09]} 6. e4 {[%emt 0:00:09]} O-O {[%emt 0:00:30]} 7. Bd3 {[%emt 0:00:38]} d5 {[%emt 0:00:31]} 8. e5 {[%emt 0:01:59]} Be7 {[%emt 0:00:13]} 9. Qe2 {[%emt 0:04:45]} b6 {[%emt 0:04:14]} 10. O-O {[%emt 0:08:59]} c5 {[%emt 0:03:45]} 11. c3 {[%emt 0:03:52]} Bd7 {[%emt 0:02:01]} 12. a3 {[%emt 0:05:18]} Nc6 {[%emt 0:02:32]} 13. b4 {[%emt 0:06:24]} Be8 {[%emt 0:02:30]} 14. Rfe1 {[%emt 0:12:24]} Bh5 {[%emt 0:06:23]} 15. dxc5 {[%emt 0:12:51]} bxc5 {[%emt 0:02:05]} 16. bxc5 {[%emt 0:00:11]} Bxc5 {[%emt 0:01:31]} 17. Nb3 {[%emt 0:00:59]} Bb6 {[%emt 0:03:44]} 18. c4 {[%emt 0:01:41]} Bc7 {[%emt 0:10:10]} 19. Nc5 {[%emt 0:08:07]} Nd4 {[%emt 0:22:10]} 20. Qe3 {[%emt 0:01:03]} Nxf3+ {[%emt 0:01:22]} 21. gxf3 {[%emt 0:00:03]} f4 {[%emt 0:00:18]} 22. Qe2 {[%emt 0:00:46]} Qe7 {[%emt 0:00:56]} 23. Nxe6 {[%emt 0:02:33]} Qxe6 {[%emt 0:00:51]} 24. cxd5 {[%emt 0:00:08]} Qh3 {[%emt 0:01:01]} 25. Qf1 {[%emt 0:00:53]} Qh4 {[%emt 0:05:56]} 26. Qg2 {[%emt 0:02:21]} Bb6 {[%emt 0:10:46]} 27. d6 {[%emt 0:02:26]} Bg6 {[%emt 0:02:21]} 28. Bc4+ {[%emt 0:05:50]} Kh8 {[%emt 0:00:53]} 29. e6 {[%emt 0:03:33]} Bf5 {[%emt 0:04:17]} 30. e7 {[%emt 0:02:38]} Bh3 {[%emt 0:00:22]} 31. exf8=Q+ {[%emt 0:00:47]} Rxf8 {[%emt 0:00:06]} 32. Re2 {[%emt 0:00:33]} Bxg2 {[%emt 0:00:21]} 33. Kxg2 {[%emt 0:00:03]} Qg5+ {[%emt 0:01:14]} 34. Kf1 {[%emt 0:00:03]} Qh6 {[%emt 0:01:59]} 35. Re6 {[%emt 0:00:30]} Qxh2 {[%emt 0:00:38]} 36. Ra2 {[%emt 0:00:10]} Qh1+ {[%emt 0:02:14]} 37. Ke2 {[%emt 0:00:02]} Ba5 {[%emt 0:01:15]} 0-1

[Event "20th Prague Open 2022"]
[Site "Prague"]
[Date "2022.01.09"]
[Round "4.22"]
[White "Michalczak, Thomas"]
[Black "Mach, Petr"]
[Result "1-0"]
[WhiteElo "2218"]
[BlackElo "2090"]
[Annotator "RC"]
[PlyCount "203"]
[EventDate "2022.01.07"]
[EventType "swiss"]
[EventCountry "CZE"]
[SourceTitle "playchess.com"]
[Source "ChessBase"]
[SourceQuality "1"]
[TimeControl "40/5400+30:1800+30"]

1. e4 {[%emt 0:00:02]} d5 {[%emt 0:00:02]} 2. exd5 {[%emt 0:00:25]} Nf6 {[%emt 0:00:04]} 3. d4 {[%emt 0:00:08]} Nxd5 {[%emt 0:00:04]} 4. c4 {[%emt 0:00:05]} Nb6 {[%emt 0:00:03]} 5. Nf3 {[%emt 0:00:06]} g6 {[%emt 0:00:01]} 6. h3 {[%emt 0:00:07]} Bg7 {[%emt 0:00:06]} 7. Nc3 {[%emt 0:00:06]} O-O {[%emt 0:00:04]} 8. Be3 {[%emt 0:00:05]} Nc6 {[%emt 0:00:05]} 9. Be2 {[%emt 0:00:05]} e5 {[%emt 0:00:04]} 10. d5 {[%emt 0:00:05]} Ne7 {[%emt 0:00:03]} 11. g4 {[%emt 0:00:06]} f5 {[%emt 0:00:26]} 12. Qb3 {[%emt 0:00:06]} fxg4 {[%emt 0:20:30]} 13. hxg4 {[%emt 0:01:33]} Bxg4 {[%emt 0:01:28]} 14. Ng5 {[%emt 0:00:10]} Bxe2 {[%emt 0:00:06]} 15. Nxe2 {[%emt 0:07:35]} Nf5 {[%emt 0:06:27]} 16. Rxh7 {[%emt 0:16:04]} Qf6 {[%emt 0:09:47]} 17. Ne4 {[%emt 0:06:55]} Qf7 {[%emt 0:09:47]} 18. O-O-O {[%emt 0:01:07]} Nxe3 {[%emt 0:00:17]} 19. fxe3 {[%emt 0:00:39]} Qf3 {[%emt 0:07:25]} 20. N2g3 {[%emt 0:23:23]} Nxc4 {[%emt 0:06:27]} 21. Rxg7+ {[%emt 0:03:47]} Kxg7 {[%emt 0:00:09]} 22. Qxc4 {[%emt 0:00:15]} Qxe3+ {[%emt 0:00:13]} 23. Kc2 {[%emt 0:06:10]} Rf7 {[%emt 0:05:23]} 24. Rd3 {[%emt 0:02:11]} Qf4 {[%emt 0:05:24]} 25. d6 {[%emt 0:09:16]} cxd6 {[%emt 0:00:16]} 26. Qe6 {[%emt 0:00:20]} Rc7+ {[%emt 0:03:08]} 27. Kb3 {[%emt 0:01:35]} Qf7 {[%emt 0:04:44]} 28. Ng5 {[%emt 0:00:20]} Qd7 {[%emt 0:02:09]} 29. a4 {[%emt 0:08:34]} Re8 {[%emt 0:02:22]} 30. Qxd6 {[%emt 0:00:56]} Qxd6 {[%emt 0:01:26]} 31. Rxd6 {[%emt 0:00:23]} Kh6 {[%emt 0:03:00]} 32. N3e4 {[%emt 0:01:04]} Ree7 {[%emt 0:05:35]} 33. Rd1 {[%emt 0:03:05]} Rc6 {[%emt 0:02:58]} 34. Rh1+ {[%emt 0:03:24]} Kg7 {[%emt 0:00:04]} 35. Rh7+ {[%emt 0:02:11]} Kf8 {[%emt 0:00:06]} 36. Rh8+ {[%emt 0:00:05]} Kg7 {[%emt 0:00:04]} 37. Rh7+ {[%emt 0:00:06]} Kf8 {[%emt 0:00:03]} 38. Rh8+ {[%emt 0:00:13]} Kg7 {[%emt 0:00:23]} 39. Rh2 {[%emt 0:00:09]} Kf8 {[%emt 0:03:21]} 40. Rf2+ {[%emt 0:00:35]} Kg7 {[%emt 0:01:26]} 41. Kb4 {[%emt 0:31:23]} Rec7 {[%emt 0:32:47]} 42. Rh2 {[%emt 0:00:34]} Kg8 {[%emt 0:00:00]} 43. Rh6 {[%emt 0:00:00]} Rd7 {[%emt 0:00:00]} 44. Rh2 {[%emt 0:00:00]} Rd4+ {[%emt 0:00:00]} 45. Ka3 {[%emt 0:00:00]} Rcc4 {[%emt 0:00:00]} 46. b3 {[%emt 0:00:00]} Rxe4 {[%emt 0:00:00]} 47. bxc4 {[%emt 0:00:00]} Rxc4 {[%emt 0:00:00]} 48. Re2 {[%emt 0:00:00]} a6 {[%emt 0:00:00]} 49. Rxe5 {[%emt 0:00:00]} b5 {[%emt 0:00:00]} 50. axb5 {[%emt 0:00:00]} axb5 {[%emt 0:00:00]} 51. Rxb5 {[%emt 0:00:00]} Kg7 {[%emt 0:00:00]} 52. Kb3 {[%emt 0:00:00]} Rc8 {[%emt 0:00:00]} 53. Ne4 {[%emt 0:00:00]} Rf8 {[%emt 0:00:00]} 54. Kc3 {[%emt 0:00:00]} Rf5 {[%emt 0:00:00]} 55. Rb6 {[%emt 0:00:00]} Kh6 {[%emt 0:00:00]} 56. Kd4 {[%emt 0:00:00]} Ra5 {[%emt 0:00:00]} 57. Ke3 {[%emt 0:00:00]} Ra1 {[%emt 0:00:00]} 58. Kf4 {[%emt 0:00:00]} Rf1+ {[%emt 0:00:00]} 59. Kg4 {[%emt 0:00:00]} Rf5 {[%emt 0:00:00]} 60. Nf6 {[%emt 0:00:00]} Kg7 {[%emt 0:00:00]} 61. Ne4 {[%emt 0:00:00]} Kh6 {[%emt 0:00:00]} 62. Ng3 {[%emt 0:00:00]} Ra5 {[%emt 0:00:00]} 63. Kf4 {[%emt 0:00:00]} Rc5 {[%emt 0:00:00]} 64. Rb1 {[%emt 0:00:00]} Ra5 {[%emt 0:00:00]} 65. Rh1+ {[%emt 0:00:00]} Kg7 {[%emt 0:00:00]} 66. Ne4 {[%emt 0:00:00]} Rh5 {[%emt 0:00:00]} 67. Ra1 {[%emt 0:00:00]} Rf5+ {[%emt 0:00:00]} 68. Kg4 {[%emt 0:00:00]} Kh6 {[%emt 0:00:00]} 69. Ra7 {[%emt 0:00:00]} Rb5 {[%emt 0:00:22]} 70. Kg3 {[%emt 0:02:40]} Rb3+ {[%emt 0:00:39]} 71. Kf4 {[%emt 0:00:16]} Rb5 {[%emt 0:00:36]} 72. Kg4 {[%emt 0:00:05]} Rb4 {[%emt 0:00:30]} 73. Re7 {[%emt 0:00:08]} Ra4 {[%emt 0:00:23]} 74. Kf4 {[%emt 0:00:51]} Ra5 {[%emt 0:01:02]} 75. Nf2 {[%emt 0:00:28]} Rf5+ {[%emt 0:00:31]} 76. Kg3 {[%emt 0:00:07]} Ra5 {[%emt 0:00:18]} 77. Kh4 {[%emt 0:01:42]} Rh5+ {[%emt 0:01:46]} 78. Kg3 {[%emt 0:00:07]} Ra5 {[%emt 0:00:07]} 79. Nh3 {[%emt 0:00:08]} Ra3+ {[%emt 0:00:56]} 80. Kg4 {[%emt 0:00:07]} Ra5 {[%emt 0:00:15]} 81. Re6 {[%emt 0:00:47]} Rb5 {[%emt 0:01:07]} 82. Nf4 {[%emt 0:00:20]} Rg5+ {[%emt 0:00:15]} 83. Kh4 {[%emt 0:00:32]} Rg1 {[%emt 0:00:17]} 84. Ra6 {[%emt 0:02:13]} Kh7 {[%emt 0:00:27]} 85. Ne6 {[%emt 0:00:25]} Kh6 {[%emt 0:00:18]} 86. Ra8 {[%emt 0:01:02]} Rh1+ {[%emt 0:01:39]} 87. Kg4 {[%emt 0:00:08]} Rg1+ {[%emt 0:00:08]} 88. Kf4 {[%emt 0:00:13]} Rf1+ {[%emt 0:00:24]} 89. Kg3 {[%emt 0:00:08]} Kh7 {[%emt 0:00:39]} 90. Ra6 {[%emt 0:03:48]} Kh6 {[%emt 0:01:30]} 91. Ra4 {[%emt 0:01:50]} Rf5 {[%emt 0:01:07]} 92. Ra8 {[%emt 0:01:03]} Kh7 {[%emt 0:01:13]} 93. Kg4 {[%emt 0:00:15]} Rf1 {[%emt 0:02:04]} 94. Ng5+ {[%emt 0:00:32]} Kg7 {[%emt 0:00:14]} 95. Ra7+ {[%emt 0:00:04]} Kg8 {[%emt 0:00:23]} 96. Ne6 {[%emt 0:00:30]} Rf6 {[%emt 0:02:17]} 97. Re7 {[%emt 0:00:09]} Rf1 {[%emt 0:00:32]} 98. Kg5 {[%emt 0:00:28]} Rg1+ {[%emt 0:01:56]} 99. Kf6 {[%emt 0:00:26]} Kh8 {[%emt 0:00:09]} 100. Re8+ {[%emt 0:00:26]} Kh7 {[%emt 0:00:14]} 101. Ng5+ {[%emt 0:00:04]} Kh6 102. Rh8# 1-0

[Event "20th Prague Open 2022"]
[Site "Prague"]
[Date "2022.01.09"]
[Round "4.23"]
[White "Jordanov, Mihail"]
[Black "Kudrytskyi, Stanislav"]
[Result "1-0"]
[WhiteElo "2193"]
[BlackElo "2057"]
[Annotator "TA"]
[PlyCount "117"]
[EventDate "2022.01.07"]
[EventType "swiss"]
[EventCountry "CZE"]
[SourceTitle "playchess.com"]
[Source "ChessBase"]
[SourceQuality "1"]

{[%evp 19,116,42,76,76,60,40,55,54,54,55,64,28,27,27,20,0,0,0,0,0,0,-20,0,0,8,0,2,0,5,0,16,15,22,10,30,3,8,15,58,26,39,39,59,0,42,29,33,15,70,38,51,17,33,22,48,23,47,59,115,122,137,143,213,206,258,134,147,0,242,0,111,21,206,0,0,3,197,203,202,179,200,195,273,272,283,284,283,277,270,269,529,515,795,787,768,758,748,743,29999]} 1. e4 d6 2. d4 Nf6 3. Nc3 e5 4. Nf3 Nbd7 5. Bc4 Be7 6. a4 O-O 7. O-O c6 8. Re1 b6 9. h3 Bb7 10. Ba2 a6 {[#]} 11. Nh4 $1 {White is more active. C41: Philidor Defence.} g6 12. Bh6 Re8 13. Nf3 {aiming for Ng5. White is slightly better.} Bf8 14. Bxf8 Nxf8 15. dxe5 dxe5 16. Ng5 Re7 {[#]} 17. Qf3 $146 ({Predecessor:} 17. Re3 h6 18. Rd3 Qe8 19. Nf3 Rd7 20. Rxd7 N8xd7 21. Qd6 Qb8 22. Rd1 Qxd6 23. Rxd6 {1-0 (71) Kriebel,T (2465)-Svatos,J (2293) Czech Republic 2015}) 17... Kg7 18. Rad1 Qc7 19. Qe3 a5 20. g3 Bc8 21. Kg2 Ne6 22. Nxe6+ Bxe6 23. Bxe6 Rxe6 24. Qd2 Rae8 25. Re3 Qe7 26. b3 Qb4 27. f3 R8e7 28. Rd3 Re8 (28... Rd7 $11 {should be considered.}) 29. Qe3 Rb8 30. R1d2 Qe7 31. Rd1 Qb4 32. h4 h5 33. R1d2 Qe7 (33... Rb7 $11) 34. Qg5 Qb4 35. Rd1 (35. Nd1 $5 {[%cal Rd1e3]}) 35... Nh7 36. Qd2 Nf6 (36... Ree8 {is more complex.} 37. Rd6 Qc5 38. Nb1 Nf8 39. Qf2 Qxf2+ 40. Kxf2 Rec8) 37. Nb1 {[%cal Bc3b1,Bb1d2,Bd2c4][%mdl 32]} Qc5 38. Qc3 {Qxc5 is the strong threat.} Qe7 (38... Qb4 $14) 39. Nd2 $16 Kf8 40. Nc4 Qc5 (40... Qc7 $16 41. Rd6 Rbe8) 41. Qd2 Kg7 42. Qf2 (42. Rd6 $18) 42... Qb4 43. Qd2 (43. Rd6 $16 {Threatens to win with Rxe6.} Rxd6 44. Nxd6 (44. Rxd6 b5 $17)) 43... Qc5 $1 $18 44. Qc3 $2 ({Better is} 44. Rd6 $18) 44... Ra8 (44... Kf8 $1 $11) 45. Rd6 (45. Ra1 $16) 45... Rae8 $2 (45... Nd5 $1 $11 {and Black is okay.} 46. R6xd5 (46. exd5 Rxd6 47. Qxe5+ Rf6 $15) 46... cxd5 47. Rxd5 (47. exd5 Rd8 $11) 47... Qc6) 46. Qe3 $2 (46. Rxe6 $18 Rxe6 47. Qd2) 46... Qxe3 $11 47. Nxe3 {Hoping for Rxe6.} b5 $2 (47... Nd5 $1 $11 48. R6xd5 cxd5) 48. Rxe6 $18 Rxe6 {[%mdl 4096] Endgame [#] KRN-KRN} 49. Ra1 $1 bxa4 50. Rxa4 Rd6 (50... Ne8 $142 51. Nc4 (51. Rxa5 Nd6 $16) 51... Nd6 52. Nxa5 (52. Rxa5 Nxc4 53. bxc4 c5 $16) 52... Nb5) 51. Rxa5 Nd7 52. Nc4 Rd1 53. Kf2 {Strongly threatening Ra7.} Kf8 54. Ra6 (54. Nxe5 Nxe5 55. Rxe5 Rd2+ 56. Ke3 Rxc2 $16) 54... c5 $2 (54... Rc1 {keeps fighting.} 55. Ne3 (55. Rxc6 Rxc2+ 56. Kf1 Rc1+ 57. Ke2 Rg1 $16) 55... Nc5) 55. Ra8+ Ke7 (55... Kg7 $142 56. Ra7 Kf6) 56. Ne3 Rd2+ 57. Ke1 Rd6 58. Nd5+ Ke6 59. Re8# {Weighted Error Value: White=0.31/Black=0.47} 1-0